When the going gets tough (Record no. 81362)

MARC details
000 -LEADER
fixed length control field 00984cab a22001935a 4500
001 - CONTROL NUMBER
control field L147048
008 - FIXED-LENGTH DATA ELEMENTS--GENERAL INFORMATION
fixed length control field 090325e20090321xxk f v 000 0 eng d
035 ## - SYSTEM CONTROL NUMBER
System control number (Sirsi) u147048
041 0# - LANGUAGE CODE
Language code of text/sound track or separate title eng
100 1# - MAIN ENTRY--PERSONAL NAME
Personal name Lampard, Clive
245 00 - TITLE STATEMENT
Title When the going gets tough
260 ## - PUBLICATION, DISTRIBUTION, ETC.
Date of publication, distribution, etc. 2009
490 #0 - SERIES STATEMENT
Series statement Estates Gazette
Volume/sequential designation (0911) 21 March 2009, 116(1)
520 ## - SUMMARY, ETC.
Summary, etc. Explains that property investors may face difficult relationships with their banks during the current economic downturn and gives some advice on how to deal with this situation. Reveals that banks can freely transfer their rights to loans without the investor's consent and that a new lender could mean a dramatic change in the investor's banking relationship, which might involve a pre-pack. Cautions that investors should be aware of circumstances that can cause a default and the legal processes for enforcement.
590 ## - LOCAL NOTE (RLIN)
Local note KA
651 #4 - SUBJECT ADDED ENTRY--GEOGRAPHIC NAME
Geographic name United Kingdom
Chronological subdivision
690 ## - LOCAL SUBJECT ADDED ENTRY--TOPICAL TERM (OCLC, RLIN)
Topical term or geographic name as entry element MANAGEMENT-CORPORATE RECOVERY
942 ## - ADDED ENTRY ELEMENTS (KOHA)
Suppress in OPAC 0
Holdings
Withdrawn status Lost status Source of classification or shelving scheme Damaged status Not for loan Home library Current library Shelving location Date acquired Total Checkouts Full call number Barcode Date last seen Copy number Price effective from Koha item type
    Dewey Decimal Classification     London London Journal article 25/03/2009   L147048 147048-1001 06/08/2019 1 06/08/2019 Journal article